Medzibankový platobný styk SR v podmienkach Európskej únie

Nevyhnutnou podmienkou vstupu SR do Hospodárskej a menovej únie bude existencia fungujúceho RTGS systému schopného plne funkčného prepojenia na platobný systém TARGET. Tým sa zabezpečí schopnosť Národnej banky Slovenska stať sa integrálnou súčasťou Európskeho systému centrálnych bánk a jej zapojenie...

Ausführliche Beschreibung

Gespeichert in:
Bibliographische Detailangaben
1. Verfasser: Boušková, Dagmar
Weitere Verfasser: Kadlečíková, Oľga, 1973-
Format: Buchkapitel
Sprache:Slowakisch
Schlagworte:
Tags: Tag hinzufügen
Keine Tags, Fügen Sie das erste Tag hinzu!

MARC

LEADER 00000naa$a2200000$$$4500
001 0022884
005 20240502071415.1
041 0 |a slo 
044 |a SK 
245 1 0 |a Medzibankový platobný styk SR v podmienkach Európskej únie  |c Dagmar Boušková, Oľga Kadlečíková 
520 |a Nevyhnutnou podmienkou vstupu SR do Hospodárskej a menovej únie bude existencia fungujúceho RTGS systému schopného plne funkčného prepojenia na platobný systém TARGET. Tým sa zabezpečí schopnosť Národnej banky Slovenska stať sa integrálnou súčasťou Európskeho systému centrálnych bánk a jej zapojenie sa do realizácie jednotnej menovej politiky, ako aj integrácia nášho kapitálového trhu do kapitálového trhu eurozóny. 
610 2 0 |a systémy platobné 
610 2 0 |a styk platobný medzinárodný 
610 2 0 |a banky centrálne 
610 2 0 |a eurozóna 
610 2 0 |a politika menová 
610 2 0 |a riziko úverové 
610 2 0 |a likvidita 
610 2 0 |a Slovensko 
610 2 0 |a Európska únia 
100 1 |a Boušková, Dagmar 
700 1 |a Kadlečíková, Oľga, 1973-